00777cam a2200229 a 4500008004100000020002300041100001800064245007500082260005200157300003400209440004000243500002000283504003200303650004200335650003800377650004100415650003700456700002700493003000100520005001700521040000900538  a0691085064 (pbk. )1 aMangel, Marc.10aDynamic modeling in behavioral ecology /cMarc Mangel, Colin W. Clark. aPrinceton :bPrinceton University Press,c1988. axii, 308 p. :bill. ;c25 cm. 0aMonographs in behavior and ecology. aIncludes index. aBibliographical references. 0aAnimal behaviorxMathematical models. 0aAnimal behaviorxData processing. 0aAnimal ecologyxMathematical models. 0aAnimal ecologyxData processing.1 aClark, Colin Whitcomb.20230123134452.0 cNUST